000 00823nam a2200289 a 4500
001 000014577
003 DO-SdBNP
005 20180215094907.0
007 000014577
008 100115s2005 dr 000 f spa d
020 _a9993400661
040 _aBPMSU
_bspa
_cBPMSU
049 _aBPMSU
092 _aRD863.44
_bP426t, 2005
100 1 _aPeralta Romero, Rafael
245 1 4 _aLos tres entierros de Dino Bidal /
_cRafael Peralta Romero.
250 _a3 ed.
260 _aSanto Domingo :
_bGente,
_c2005
300 _a129 p. ;
_c21 cm.
500 _aIncluye datos biográficos del autor en la solapa de la cubierta
650 4 _aNOVELA DOMINICANA
650 4 _aLITERATURA DOMINICANA
910 _a
942 _2ddc
_cBK
945 _ainventariado, 2018 / dg
956 _aVMATEO
_b10
_c20150428
_lBPMSU
_h0069
999 _c7735
_d7735